Names Starting with E, Top 50 (Girls 2013) Quiz Stats

 Plays Quiz not verified by Sporcle

Also try: 'W' Game
Challenge
Share
Tweet
Embed
Score 0/50 Timer 10:00
1 Play Today
Name % Correct
Emma
99.1%
Emily, Emely, Emilee, Emilie, Emmalee
98.1%
Eve
97.9%
Eva
97.7%
Ella
96.5%
Evelyn, Evalyn
95.3%
Ellie
95.2%
Elizabeth, Elisabeth
95.1%
Eliza
94.9%
Elle
94.3%
Ellen, Elin
93.8%
Erin
93.5%
Esther
91%
Erica, Erika
90.5%
Elena, Elaina
90.2%
Eleanor
88.9%
Elise, Elyse
88.3%
Edith
86.6%
Elsa
85.2%
Elaine
84.2%
Elsie
82.2%
Evie
81.6%
Emilia, Emelia
81.4%
Elisa
80.9%
Eileen
80.4%
Name % Correct
Eliana, Elliana, Elianna, Ellianna
77.9%
Emmy, Emmie
77.9%
Eden
76.3%
Emery, Emory, Emerie
75.9%
Emerson, Emersyn
74.5%
Evangeline
73.8%
Esme
70.1%
Eloise
68.5%
Emmalyn, Emmalynn, Emmaline, Emmeline
68.5%
Estelle
68.3%
Etta
66.1%
Estella
64%
Esmeralda
62.2%
Everly, Everleigh
61.5%
Ellis
61%
Ember
59.2%
Elissa
58.7%
Elina
58.6%
Estrella
55.2%
Elliot, Elliott
53.9%
Ellison
53.7%
Ellery
47.9%
Esperanza
46.3%
Essence
41.7%
Emani
36.2%

You're not logged in!

Compare scores with friends on all Sporcle quizzes.
Join for Free
OR
Log In

You Might Also Like...

Show Comments

Extras

Created Jun 18, 2014SourceReportNominate
Tags:Baby Names Quiz, 2013

Top Quizzes Today


Score Distribution

Your Account Isn't Verified!

In order to create a playlist on Sporcle, you need to verify the email address you used during registration. Go to your Sporcle Settings to finish the process.

Report this User

Report this user for behavior that violates our Community Guidelines.

Details: